000
00255nam a2200097Ia 4500
001
685029
005
20250826161509.0
008
250824s9999 xx 000 0 und d
245
0
_a
AFFET BİZİ MARİN/O.MİROĞLU/EVEREST
_c
ORHAN MİROĞLU
260
_b
EVEREST
999
_c
685029
_d
685029